Ejercicios de introducción a la terminología para traductores e intérpretes

Enregistré dans:
Détails bibliographiques
Auteur principal: Monterde Rey, Ana María (autora)
Format: Livre
Langue:espagnol
Publié: Las Palmas de Gran Canaria Universidad de Las Palmas de Gran Canaria 2002
Sujets:
Tags: Ajouter un tag
Pas de tags, Soyez le premier à ajouter un tag!

MARC

LEADER 00000nam a2200000 a 4500
001 UCL8906
003 CL-VaPUC
008 040709e20020000SP |||||||||||||||||spa|d
020 |a 849579263X 
082 0 4 |a 428.61  |b MON  |2 21 
100 |a Monterde Rey, Ana María  |e autora  |9 486828 
245 1 0 |a Ejercicios de introducción a la terminología para traductores e intérpretes 
300 |a 238 p 
942 |c BK 
945 |d 20040709 00:00:00  |a cmena 
260 |a Las Palmas de Gran Canaria  |b Universidad de Las Palmas de Gran Canaria  |c 2002 
650 0 |a Lengua inglesa  |9 318842 
650 0 |a Traducción e interpretación  |9 315998 
650 7 |a MORFOSINTAXIS  |2 CL-VaPUC  |9 387664 
650 7 |a TERMINOLOGIA  |2 CL-VaPUC  |9 254881 
583 |a last modification  |c 20040709 00:00:00  |k Rodrigo Vera 
999 |c 309974  |d 309972 
952 |0 0  |1 0  |4 0  |6 428_610000000000000_MON_2002  |7 0  |8 A  |9 377880  |a BIBEDU  |b BIBEDU  |d 2019-11-21  |i 4033957  |o 428.61 MON 2002  |p 4033957  |r 2019-11-21  |w 2019-11-21  |y BK  |k CIT